Analýza svetových akciových trhov v krízových a mimo krízových obdobiach bakalárska práca

Salvato in:
Dettagli Bibliografici
Autore principale: Ďurian, Ladislav
Ente Autore: Fakulta hospodárskej informatiky EU. Katedra operačného výskumu a ekonometrie
Altri autori: Pekár, Juraj, 1972-
Natura: Libro
Lingua:slovacco
Pubblicazione: Bratislava 2022
Tags: Aggiungi Tag
Nessun Tag, puoi essere il primo ad aggiungerne!!

MARC

LEADER 00000nbm a2200000 4500
001 0286042
005 20230123085048.8
041 0 |a slo 
044 |a SK 
245 1 0 |a Analýza svetových akciových trhov v krízových a mimo krízových obdobiach  |b bakalárska práca  |c Ladislav Ďurian ; školiteľ: Juraj Pekár 
264 1 |a Bratislava  |c 2022 
300 |a 56 s. 
100 1 |a Ďurian, Ladislav 
700 1 |a Pekár, Juraj, 1972- 
710 2 |a Fakulta hospodárskej informatiky EU. Katedra operačného výskumu a ekonometrie